Capoluoghi della Puglia da Nord a Sud - Statistics

Statistiche generali
  • Questo quiz è stato fatto 15 volte
  • Il punteggio medio è 7 su 8
Statistiche sulle risposte
Latitudine Capoluogo % Corretto
41° 19' 09"N Barletta
100%
41° 27' 44"N Foggia
100%
41° 13' 54"N Andria
93%
41° 16' 32"N Trani
93%
41° 07' 34"N Bari
86%
40° 38' 10"N Brindisi
86%
40° 21' 12"N Lecce
86%
40° 28' 09"N Taranto
86%
Nessun quiz corrispondente trovato
Distribuzione punteggi
Percentuale di utenti per punteggio
Percentile per numero di risposta
I tuoi punteggi nel tempo
Non hai fatto questo quiz